000 00469nam a2200181Ia 4500
008 151018s9999 xx 000 0 und d
082 _bRBASDV39467
_a823
100 _aSwami Chidrupanand
245 _aChinmaya Vidyalaya
250 _b4
260 _bCentral chinmaya Mission Trust
_c1987
300 _a65
600 _aSwami Chidrupanand
630 _aChinmaya Vidyalaya
700 _aSwami Chidrupanand
730 _aChinmaya Vidyalaya
942 _cBOOK
999 _c1038755
_d1038752